000 00980nam a22002537a 4500
999 _c21402
_d21402
003 AR-CdUCM
008 190530b ||||| |||| 00| 0 spa d
020 _a9786123180560
040 _aMUNICIPALIDAD PROVINCIAL DEL CUSCO
_cBIBLIOTECA MUNICIPAL DEL CUSCO
082 _a510.711/C97
_bC97
_2Tercera
100 _aCuro Cubas, Agustín
_944637
245 _aMatemática básica para administradores /
_cAgustín Curo Cubas y Mihály Martínez Miraval
260 _aLima ;
_bUPC,
_c2016.
300 _a522 Páginas. :
_c21 cm.
505 _aContenido: Introducción a la Lógica -- Matrices -- Gráfica de ecuaciones en el plano -- Funciones reales de variable real -- Función exponencial y logarítmica ...
650 _aMatemáticas
_99398
650 _aEducación superior
_944638
650 _aMatemáticas superiores
_923403
650 _aEcuaciones
_919076
650 _aLógica
_92358
650 _aProblemas y ejercicios
_919781
942 _2ddc
_cLIBROS
945 _aRoel